00594nam a2200145 a 450000100100000000500170001000800410002704000250006808200250009324500490011826000360016730000270020395202010023099900170043100004616020201002052657.0150630s1991 dr a 000 0 spa d aDO-SdBNPbspacBNPHU axxxxxxxxxbxxxxxxxxx00aDos crisis simultaneas y un ideal liberador. aSanto Domingo :b[s.n.],c1991. a63 p. :bil. ;c22 cm. 0010718PDaPDbPDcHDd2015-06-30iLF1l0oxxxxxxxxx xxxxxxxxxp46160-10r2020-06-25w2020-06-25yLFPDzPerteneció a la biblioteca personal de Chiqui Vicioso / Fidelio Despradel.ZNo se presta c45649d45649